Statistics for Top 10 Most Sinful U.S. States With Exceptions

Click here to take the quiz!

General Stats

  • This quiz has been taken 26 times
  • The average score is 8 of 10

Answer Stats

Vice IndexAnswer% Correct
55.02California
96%
44.04New York
96%
45.18Michigan
92%
55.99Nevada
88%
49Illinois
83%
44.58Maryland
83%
45.71Arizona
75%
45.10Pennsylvania
75%
44.11Delaware
63%
45.71New Mexico
58%

Score Distribution

Percentile by Number Answered

Percent of People with Each Score

Your Score History

You have not taken this quiz